|
|
|
|
| LEADER |
00000nbm0a2200000 4500 |
| 001 |
145531 |
| 005 |
20231031144118.0 |
| 035 |
|
|
|a (RuTPU)RU\TPU\book\157737
|
| 090 |
|
|
|a 145531
|
| 100 |
|
|
|a 20081018d1965 k y0rusy50 ca
|
| 101 |
0 |
|
|a rus
|
| 102 |
|
|
|a RU
|
| 105 |
|
|
|a a m 001zy
|
| 200 |
1 |
|
|a Исследование некоторых схем умножения и коррекции высоковольтных наносекундных импульсов
|e диссертация на соискание ученой степени кандидата технических наук
|f В. В. Кремнёв
|g Томский политехнический институт (ТПИ) ; науч. рук. А. А. Воробьев, Г. А. Месяц
|
| 210 |
|
|
|a Томск
|c [Б. и.]
|d 1965
|
| 215 |
|
|
|a 146 л.
|c ил.
|
| 320 |
|
|
|a Библиогр.: с. 141-146 (93 назв.)
|
| 610 |
1 |
|
|a высоковольтные импульсы
|
| 610 |
1 |
|
|a наносекундные импульсы
|
| 610 |
1 |
|
|a коррекция
|
| 610 |
1 |
|
|a схемы
|
| 610 |
1 |
|
|a преобразования
|
| 610 |
1 |
|
|a генерирование
|
| 610 |
1 |
|
|a напряжение
|
| 610 |
1 |
|
|a трансформаторы
|
| 610 |
1 |
|
|a оболочки
|
| 610 |
1 |
|
|a кабели
|
| 610 |
1 |
|
|a экспериментальное исследование
|
| 610 |
1 |
|
|a диссертации
|
| 610 |
1 |
|
|a труды учёных ТПУ
|
| 675 |
|
|
|a 621.3.015.32(04)
|v 3
|
| 700 |
|
1 |
|a Кремнёв
|b В. В.
|
| 702 |
|
1 |
|a Воробьев
|b А. А.
|c российский физик
|c ректор Томского политехнического института, профессор
|f 1909-1981
|g Александр Акимович
|2 stltpush
|3 (RuTPU)RU\TPU\pers\12805
|4 727
|
| 702 |
|
1 |
|a Месяц
|b Г. А.
|c российский физик
|c академик, вице-президент РАН
|c выпускник Томского политехнического института
|f 1936-
|g Геннадий Андреевич
|2 stltpush
|3 (RuTPU)RU\TPU\pers\17099
|4 727
|
| 712 |
0 |
2 |
|a Томский политехнический институт (ТПИ)
|c (1944-1991)
|2 stltpush
|3 (RuTPU)RU\TPU\col\1123
|
| 801 |
|
1 |
|a RU
|b 63413507
|c 20081018
|g PSBO
|
| 801 |
|
2 |
|a RU
|b 63413507
|c 20110923
|g PSBO
|
| 942 |
|
|
|c BK
|